| 000 | 00700cas a22002297a 4500 | ||
|---|---|---|---|
| 001 | 110786 | ||
| 003 | UA-OsUOA | ||
| 005 | 20211008143618.0 | ||
| 007 | ta | ||
| 008 | 201504c n ||||| ||n| 00| 0 ukr dukr d | ||
| 040 |
_aUA-OsUOA _bukr _cUA-OsUOA _dUA-OsUOA |
||
| 041 | _aukr | ||
| 044 | _aUA | ||
| 080 | _a2 | ||
| 090 |
_a2 _bУ53 |
||
| 245 |
_aУмма _bофіційне видання Духовного управління мусульман України "Умма" _cгол. ред. Іслям Гімадутін |
||
| 260 | _aК. | ||
| 650 | 7 |
_a2 Релігія. Теологія. _2UDC |
|
| 942 |
_cNP _2udc |
||
| 955 | _a0 | ||
| 999 |
_c397220 _d397220 |
||